| 000 | 00667nam a22002297a 4500 | ||
|---|---|---|---|
| 005 | 20170124110155.0 | ||
| 010 | _aA-715640 | ||
| 020 |
_c00.00 _a8121505615 |
||
| 035 | _aA-715640 | ||
| 037 | _bCen Lib/Ret | ||
| 040 |
_aDPL _bEN |
||
| 082 |
_a181.47 _bVEL |
||
| 100 |
_aVeliath, Cyril _934904 |
||
| 245 |
_aThe mysticism of Ramanuja / _cby Cyril Veliath |
||
| 260 |
_aNew Delhi _c1993 _bMunshiram manohar lal publishers |
||
| 270 |
_bNew Delhi _aRani jhansi road _e110055 |
||
| 300 |
_axvi,249p. _c20cm(Hb) |
||
| 500 | _a Includes index | ||
| 650 |
_aPhilosophy _9101651 |
||
| 650 |
_aMysticism _910960 |
||
| 942 |
_2ddc _cEN _h181.47 _mVEL |
||
| 999 |
_c132499 _d132499 |
||